Manual Of Bone and Soft Tissue Tumours of the Extremities (Record no. 3589)

MARC details
000 -LEADER
fixed length control field 00476nam a22001697a 4500
008 - FIXED-LENGTH DATA ELEMENTS--GENERAL INFORMATION
fixed length control field 250521b |||||||| |||| 00| 0 eng d
020 ## - INTERNATIONAL STANDARD BOOK NUMBER
ISBN 9789785207842
100 ## - MAIN ENTRY--AUTHOR
Author Eyesan S.U.
245 ## - TITLE STATEMENT
Title Manual Of Bone and Soft Tissue Tumours of the Extremities
260 ## - PUBLICATION, DISTRIBUTION, ETC. (IMPRINT)
Place of publication Ibadan, Oyo Nigeria.
Name of publisher Baptist Press
Date of publication 2013
300 ## - COLLATION
Pagination xiv, 178p.
Other physical details illustration;
650 ## - TRACINGS
Main Subject Osteochondroma
700 ## - ADDITIONAL AUTHOR
Additional Author Nnodu O.A
700 ## - ADDITIONAL AUTHOR
Additional Author Idowu O.K
942 ## - ADDED ENTRY ELEMENTS (KOHA)
Item type Books
050 ## - LIBRARY OF CONGRESS CALL NUMBER
Classification number RC280.B6
Item number .E94 2013
Holdings
Source of classification or shelving scheme Not for loan Permanent location Current location Date acquired Accession No. Full call number Barcode. Koha item type
Library of Congress Classification   Medical Library Medical Library 05/21/2025 2019/3533 RC280.B6.E94 2025-2062 Books